000 00779nam a2200241 i 4500
001 185448
003 SpMaBN
005 20230906222434.0
008 160606s1988 sp |||| | spa d
020 _a84-7245-177-1
080 _a291.4
100 1 _aMetzner, Ralph.
_9159779
245 1 4 _aLas grandes metáforas de la tradición sagrada
_b: la transformación de la conciencia y la naturaleza humana /
_cRalph Metzner.
250 _a1ª ed.
260 _aBarcelona :
_bKairós,
_c1988.
300 _a343 p. ;
_c20 cm.
490 1 _aKairós psicología
504 _aBibliografía: p. 327-340.
650 7 _aVida espiritual.
_912505
830 0 _aKairós psicología
_9192332
852 _aES-MaACL
_jL-30332
_z. - Donat. Miguel A. Velasco
999 _c185448
_d185448